مضا میں حجا ب / (Record no. 72024)
[ view plain ]
| 000 -LEADER | |
|---|---|
| fixed length control field | 00963nam a22002537a 4500 |
| 005 - DATE AND TIME OF LATEST TRANSACTION | |
| control field | 20100826122442.0 |
| 008 - FIXED-LENGTH DATA ELEMENTS--GENERAL INFORMATION | |
| fixed length control field | 090109t xxu||||| |||| 00| 0urd d |
| 010 ## - LCCN (DPL NO) | |
| LC control number | UR-8016 |
| 020 ## - INTERNATIONAL STANDARD BOOK NUMBER | |
| Terms of availability | 200.00 |
| International Standard Book Number | 978-93-80182-21-6 |
| 035 ## - SYSTEM CONTROL NUMBER | |
| System control number | U-6571 |
| 037 ## - SOURCE OF ACQUISITION | |
| Source of stock number/acquisition | DBAD/PUB |
| 040 ## - CATALOGING SOURCE | |
| Original cataloging agency | DPL |
| Language of cataloging | urdu |
| 082 ## - DEWEY DECIMAL CLASSIFICATION NUMBER | |
| Classification number | 844 |
| 100 ## - MAIN ENTRY--PERSONAL NAME | |
| 9 (RLIN) | 12785 |
| Personal name | شا ہجہا ں جعفر ی حجا ب ا مر و ہو ی |
| 245 ## - TITLE STATEMENT | |
| Title | مضا میں حجا ب / |
| Statement of responsibility, etc | شا ہجہا ں جعفر ی حجا ب ا مر و ہو ی |
| 246 ## - VARYING FORM OF TITLE | |
| Title proper/short title | Mazameen-e-Hijab |
| Remainder of title | by Takhleeqkar Publishers |
| 260 ## - PUBLICATION, DISTRIBUTION, ETC. (IMPRINT) | |
| Place of publication, distribution, etc | د ہلی |
| Date of publication, distribution, etc | 2010 ء |
| Name of publisher, distributor, etc | تخلیق کا ر پبلشر ز |
| 270 ## - ADDRESS | |
| Address | 205,II floor, St. No. 6, Luxmi Nagar |
| City | Delhi |
| Postal code | 110092 |
| Telephone number | 011-22442572 |
| 300 ## - PHYSICAL DESCRIPTION | |
| Extent | 203 ص |
| Dimensions | 22 س م (Hb) |
| 650 ## - SUBJECT ADDED ENTRY--TOPICAL TERM | |
| 9 (RLIN) | 12786 |
| 700 ## - ADDED ENTRY--PERSONAL NAME | |
| 9 (RLIN) | 54088 |
| 942 ## - ADDED ENTRY ELEMENTS (KOHA) | |
| Source of classification or shelving scheme | Dewey Decimal Classification |
| Item type | Urdu Bks |
| Classification part | 844 |
| Call number suffix | ش ا ہ |
| Withdrawn status | Lost status | Source of classification or shelving scheme | Damaged status | Not for loan | Collection code | Home library | Current library | Date acquired | Cost, normal purchase price | Total Checkouts | Full call number | Barcode | Date last seen | Copy number | Cost, replacement price | Koha item type |
|---|---|---|---|---|---|---|---|---|---|---|---|---|---|---|---|---|
| Dewey Decimal Classification | Non-fiction | D.B.Act.Division | D.B.Act.Division | 10/12/2012 | 200.00 | 844 ش ا ہ | U-6571 | 10/12/2012 | 1 | 200.00 | Urdu Bks |
